000 00620nas a2200217 4500
001 BR9501234
003 BR-BrBNA
005 20231205093907.0
007 ta
008 230509b bl.|||p| |||| 00| 00por d
040 _aBR-BrBNA
_bpor
_cBiblioteca Nacional de Agricultura
041 _a(Pt)
072 _aH10
100 1 _aLima, L.C.S.F.
245 1 _aControle de pragas subterraneas
650 _aControle Integrado
650 _aPraga de Planta
773 0 _tLavoura (Brazil)
_xISSN 0023-9135
_g(May-Jun 1994), v. 97(607) p. 32-33
_wBR9501234
909 _a202311
_bLúcia
_c55
_dLúcia Elande
942 _2AGRIS
_n0
_cANA
999 _c140954
_d140954